000 00631 a2200157 4500
003 NUST
038 _aM Shaban
082 _aBEE
100 _aAhmad Mustafa Hashmi
_992114
245 _aDesign and implementation of six degrees of freedom robotic ARM and study of its forward and inverse kinmatics
_cAhmad Mustafa Hashmi
260 _aIslamabad :
_bNUST School of Electrical Engineering & Computer Science,
_c2010.
300 _a78 p. :
_bill. ;
_c27 cm. +
_e1CD ROM
500 _aSupervisors : Mr. Abdul Afram, Mr. Shamyl Bin Mansoor.
856 _u http://10.250.8.41:8080/xmlui/handle/123456789/10165
942 _cPR
_kBEE-3 AHM
_2ddc
999 _c10212
_d10212